000 00465nam a2200169Ia 4500
008 090711s9999 xx 000 0 und d
082 _b865
100 _aकोटक वजु
245 _aकठपुतली
260 _bप्रविण प्रकाशन
_c1996
300 _a218
600 _aकोटक वजु
630 _aकठपुतली
700 _aकोटक वजु
730 _aकठपुतली
942 _cBOOK
999 _c324375
_d324375